• 首页
  • 本馆介绍
  • 公告通知
  • 最新文献
  • 馆藏检索
  • 电子资源
  • 读者导购
  • 参考咨询
  • 我的图书馆
  • 登录
  • 详细信息显示
  • 放入我的书架
  • 预约/预借图书
  • 作者相关作品
  • 分类相关作品
  • 丛书相关作品
  • 出版社相关作品

书目信息

  • 表格格式
  • 工作单格式
  • 卡片格式
题名:
土壤和作物养分的测定及施肥
    
 
作者: 赵微平 编
分册:  
出版信息: 北京   化学工业出版社  1983
页数: 168页
开本: 19cm
丛书名:
单 册:
中图分类: S158.3
科图分类:
主题词: 土壤速效养分--测定 , 土壤有效养分--测定 , 作物-植物营养--测定 , 植物营养-作物--测定
电子资源:
ISBN: 15063.3468
000 00765nam0 2200265 450
001 0183001294
005 20100712220423.0
010    @a15063.3468@dCNY0.60
091    @a15063.3468
100    @a19950526d1983 emky0chiy0110 ea
101 0  @achi
102    @aCN@b110000
105    @ay z 000yy
106    @ar
200 1  @a土壤和作物养分的测定及施肥@9Tu Rang He;Huo;Hu Zuo Wu Yang Fen De;Di Ce Ding Ji Shi Fei @f赵微平编
210    @a北京@c化学工业出版社@d1983
215    @a168页@d19cm
606 0  @a土壤速效养分@x测定
606 0  @a土壤有效养分@x测定
606 0  @a作物-植物营养@x测定
606 0  @a植物营养-作物@x测定
690    @aS158.3@v3
701  0 @a赵微平@9zhao wei ping@4编
801  0 @aCN@bAzMarc@c20130904
905    @aBZT@dS158.3@e1@f5@sS158.3/1
    
    土壤和作物养分的测定及施肥/赵微平编.-北京:化学工业出版社,1983
    168页;19cm
    
    
    ISBN 15063.3468:CNY0.60
    
●
相关链接 在五车中查询图书 在当当中查询图书 在豆瓣中查询图书


正题名:土壤和作物养分的测定及施肥     索取号:S158.3/1         预约/预借

序号 登录号 条形码 馆藏地/架位号 状态 备注
1 2000090983   2000090983   旧书回溯/ [索取号:S158.3/1] 在馆    
2 2000090984   2000090984   旧书回溯/ [索取号:S158.3/1] 在馆    
3 2000090985   2000090985   旧书回溯/ [索取号:S158.3/1] 在馆    
4 2000090986   2000090986   旧书回溯/ [索取号:S158.3/1] 在馆    
5 2000090987   2000090987   旧书回溯/ [索取号:S158.3/1] 在馆    
山东省滨州职业学院图书馆 欢迎您!
大连网信软件有限公司© 版权所有